Normal view
MARC view
- Adelstein, Frank
Entry Personal Name
001 - CONTROL NUMBER
- control field: 106445
003 - CONTROL NUMBER IDENTIFIER
- control field: NUST
005 - DATE AND TIME OF LATEST TRANSACTION
- control field: 20221229181839.0
008 - FIXED-LENGTH DATA ELEMENTS
- fixed length control field: 221229|| aca||aabn | a|a d
040 ## - CATALOGING SOURCE
- Original cataloging agency: NUST
- Transcribing agency: NUST
100 ## - HEADING--PERSONAL NAME
- Personal name: Adelstein, Frank
670 ## - SOURCE DATA FOUND
- Source citation: Work cat.: (NUST)0: Adelstein, Frank , Fundamentals of mobile and pervasive computing /, c2005.
